000 00521cam a22002171 4500
001 sa 66004731
003 DLC
005 20260227112244.0
008 900103s1965 ii 000 0 urdr
010 _asa 66004731
035 _a(OCoLC)20842864
040 _aDLC
_cWaU
_dDLC
042 _apremarc
050 0 0 _aPK1979
_b.H26
100 0 _aʻAbdulḥaq,
_d1869-1961.
245 1 0 _aUrdū ṣarf o naḥv.
260 _c[1965]
300 _a142 p.
_c19 cm.
500 _aIn Urdu.
650 0 _aUrdu language
_xSyntax.
999 _c69551
_d69551